[Event "Boyaca Region-ch qual (Women)"]
[Site "Duitama"]
[Date "2010.05.16"]
[Round "4.2"]
[White "Vasquez, Laura"]
[Black "Chaparro, Natalia"]
[Result "0-1"]
[WhiteElo "1600"]
[BlackElo "1682"]
[PlyCount "47"]
[EventDate "2010.05.15"]
[EventType "swiss"]
[EventRounds "4"]
[EventCountry "COL"]
[SourceTitle "EXT 2024"]
[Source "ChessBase"]
[SourceDate "2023.10.10"]
[SourceVersion "1"]
[SourceVersionDate "2023.10.10"]
[SourceQuality "1"]

1. e4 e5 2. Nf3 Nf6 3. Nc3 Nc6 4. Bb5 d6 5. d3 Bd7 6. h3 a6 7. Ba4 h6 8. 0-0 Be7 9. Re1 0-0 10. Ne2 b5 11. Bb3 Na5 12. Bd5 c6 13. Bb3 Nxb3 14. axb3 Qc7 15. Ng3 Rfe8 16. c4 Bf8 17. b4 d5 18. c5 d4 19. Bd2 Bc8 20. Qb3 Be6 21. Qa3 Nd7 22. Qa5 Qxa5 23. Rxa5 Bb3 24. Ra3 0-1